| Tag |
First Indicator |
Second Indicator |
Subfields |
| LEADER |
00000cam a2200000 a 4500 |
| 001 |
in00000096538 |
| 005 |
20150923174148.0 |
| 007 |
he bm| ba|| |
| 008 |
820501r1981 oru bb 00010 eng d |
| 035 |
|
|
|a (OCoLC)08390830
|
| 035 |
|
|
|9 AAK8666AM
|
| 040 |
|
|
|a Univ. of Oregon
|c XBM
|d XBM
|d TXA
|d UtOrBLW
|
| 043 |
|
|
|a n-us-ms
|
| 049 |
|
|
|a TXAI
|
| 082 |
0 |
|
|a 917.62
|
| 099 |
|
|
|a fiche
|a C
|a 4562
|
| 100 |
1 |
|
|a Hubble, Susan M.
|
| 245 |
1 |
0 |
|a Status of existing trails and resource management opinions on proposed trails system classifications in Mississippi /
|c by Susan M. Hubble.
|
| 264 |
|
1 |
|a [Place of publication not identified] :
|b [publisher not identified] ;
|c 1981.
|
| 300 |
|
|
|a vi, 141 leaves.
|
| 336 |
|
|
|a text
|b txt
|2 rdacontent
|
| 337 |
|
|
|a microform
|b h
|2 rdamedia
|
| 338 |
|
|
|a microfiche
|b he
|2 rdacarrier
|
| 502 |
|
|
|b M.S.
|c University of Southern Mississippi
|d 1981.
|
| 504 |
|
|
|a Bibliography: leaves 139-141.
|
| 533 |
|
|
|a Microfiche.
|b Eugene, Or. :
|c Microform Publications, College of Health, Physical Education and Recreation, University of Oregon,
|d 1982.
|e 2 microfiches : negative ; 11 x 15 cm.
|
| 500 |
|
|
|a Microform.
|
| 650 |
|
0 |
|a Trails
|z Mississippi.
|
| 650 |
|
0 |
|a Outdoor recreation
|z Mississippi.
|
| 999 |
|
|
|a MARS
|
| 999 |
f |
f |
|s 030ef221-032e-36bd-b091-2e8972b6a79c
|i 2480d1f1-c3fe-3fb7-86cc-58e1335fa51c
|t 0
|
| 952 |
f |
f |
|p normal
|a Texas A&M University
|b College Station
|c Sterling C. Evans Library
|d Evans: Microforms (3rd floor)
|t 0
|e fiche C 4562
|h Other scheme
|i microform -- microfiche
|m A14821455047
|
| 998 |
f |
f |
|a fiche C 4562
|t 0
|l Evans: Microforms (3rd floor)
|